000 00370 a2200169 4500
001 186152
020 _a85-08-03094-0
040 _cMagnum
100 _aMarques, Amadeu
240 1 0 _aReading texts in english 1
_lING
245 1 0 _aReading texts in english 1
300 _a112
362 0 _a1997
440 1 _aÁtica
697 _aLITERATURA INGLESA
942 _cBK
999 _c186152
_d186152